Die Haftung für Culpa in Contrahendo /

Saved in:
நூற்பட்டியல் விவரங்கள்
தலைமை எழுத்தாளர்: Steinberg, Wilhelm, 1906-
வடிவம்: புத்தகம்
மொழி:German
வெளியீடப்பட்டது: Bonn : L. Röhrscheid, 1930.
தொகுதி:Bonner rechtswissenschaftliche Abhandlungen ; Heft 10.
பகுதிகள்:
குறியீடுகள்: குறிச்சொல் இணை
குறியீடுகள் இல்லை, இந்த குறிச்சொல்லை முதலில் பதிவு செய்யுங்கள்!
LEADER 00849nam a2200253I 4500
001 005299583-6
005 20110317134656.0
008 950214s1930 gw b 000 0 ger
010 |a  35025010  
035 0 |a ocm65144764 
040 |a DLC  |c HVL 
100 1 |a Steinberg, Wilhelm,  |d 1906- 
245 1 4 |a Die Haftung für Culpa in Contrahendo /  |c von Dr. Wilhelm Steinberg ... 
260 |a Bonn :  |b L. Röhrscheid,  |c 1930. 
300 |a 131 p. ;  |c 23 cm. 
490 1 |a Bonner rechtswissenschaftliche Abhandlungen ;  |v Heft 10 
504 |a "Verzeichnis der häufiger zitierten literatur": p. [5]-8. 
650 0 |a Contracts  |z Germany. 
650 0 |a Liability (Law)  |z Germany. 
650 0 |a Negligence  |z Germany. 
690 9 |a Legal liability  |z Germany.  |5 law 
830 0 |a Bonner rechtswissenschaftliche Abhandlungen ;  |v Heft 10. 
988 |a 20020608 
906 |0 DLC